| Tag |
First Indicator |
Second Indicator |
Subfields |
| LEADER |
00000cam a2200000 a 4500 |
| 001 |
in00001404079 |
| 005 |
20151020054319.0 |
| 008 |
951026s1996 iluab b 001 0 eng |
| 010 |
|
|
|a 95047445
|
| 020 |
|
|
|a 1556522630 (paper : alk. paper)
|
| 035 |
|
|
|a (OCoLC)33439671
|
| 035 |
|
|
|9 AHN1081AM
|
| 040 |
|
|
|a DLC
|c DLC
|d C#P
|d AGL
|d TXA
|d UtOrBLW
|
| 043 |
|
|
|a n-usc--
|
| 049 |
|
|
|a TXAM
|
| 050 |
0 |
0 |
|a SB407
|b .D84 1996
|
| 070 |
0 |
|
|a SB407.D84
|b 1996
|
| 072 |
|
0 |
|a F110
|
| 082 |
0 |
0 |
|a 635.9/0977
|2 20
|
| 100 |
1 |
|
|a Duggan, Laara K.
|
| 245 |
1 |
4 |
|a The best flowers for Midwest gardens :
|b the plants you need to create spectacular low-maintenance gardens that bloom with the seasons--year after year /
|c written and illustrated by Laara K. Duggan.
|
| 250 |
|
|
|a 1st ed.
|
| 264 |
|
1 |
|a Chicago, Ill. :
|b Chicago Review Press :
|c [1996]
|
| 264 |
|
2 |
|a Chicago, Ill. :
|b Distributed by Independent Publishers Group,
|
| 264 |
|
4 |
|c ©1996
|
| 300 |
|
|
|a viii, 200 pages :
|b illustrations, map ;
|c 26 cm.
|
| 336 |
|
|
|a text
|b txt
|2 rdacontent
|
| 337 |
|
|
|a unmediated
|b n
|2 rdamedia
|
| 338 |
|
|
|a volume
|b nc
|2 rdacarrier
|
| 504 |
|
|
|a Includes bibliographical references (pages 179-180) and index.
|
| 650 |
|
0 |
|a Flowers
|z Middle West.
|
| 650 |
|
0 |
|a Flower gardening
|z Middle West.
|
| 650 |
|
0 |
|a Low maintenance gardening
|z Middle West.
|
| 948 |
|
|
|a C:BLW
|d 20030315
|
| 999 |
|
|
|a MARS
|
| 999 |
f |
f |
|s 2b7aa97f-74cf-35ee-8abf-c03a9a9f7d8d
|i ce710973-13fb-30cd-bc44-e8e605192eb0
|t 0
|
| 952 |
f |
f |
|p ric
|a Texas A&M University
|b Rellis Campus
|c Joint Library Facility
|d Remote Storage
|t 0
|e SB407 .D84 1996
|h Library of Congress classification
|i unmediated -- volume
|m A14822112634
|
| 998 |
f |
f |
|a SB407 .D84 1996
|t 0
|l Remote Storage
|